000 00206 a2200097 4500
001 2322
100 _aKarman, T V
245 _aAdvances in Aeronautical sciences
260 _a
_bPeg
_c
090 _c1683
_d1683
942 _aNUST-CAE
_cM
_c7591
999 _c237395
_d237395